Mots espagnol - Statistiques

Statistiques générales
  • Ce quiz a été pris 60 fois
  • Le résultat moyen est 3 sur 15
Statistiques - réponses
Hint Réponse % Correct
Acheter Comprar
84%
payer pagar
64%
cher caro
60%
envoyer enviar
32%
augmenter aumentar
26%
les produits los productos
18%
bon marché barato
10%
le paiement el pago
6%
l'envoi el envio
4%
l'emballage el embalaje
2%
passer une commande hacer un pedido
2%
Achats Las compras
2%
les soldes los rebajas
2%
le montant el importe
0%
le bon de commande el orden de pedido
0%
Aucun quiz correspondant
Distribution des résultats
% des personnes avec chaque résultat
Percentile par nombre de réponses
Votre historique - résultats
Vous n’avez pas pris ce quiz